| 000 | 00357nam a22001217a 4500 | ||
|---|---|---|---|
| 082 | _a220 PRO | ||
| 100 |
_aMARYUM, MEHREEN,KAMRAN AZIZ _971558 |
||
| 245 | _aPR-SOF-1331-EMBEDDING VIDEO STREAMING AND IMAGING IN SOFTWARE | ||
| 260 |
_aISLAMABAD _bNUST COLLEGE OF EME _c2014 |
||
| 650 |
_a DE-ELECT-32 _971559 |
||
| 700 |
_aDR SHOAB A KHAN _918474 |
||
| 942 | _cCR | ||
| 999 |
_c578012 _d578012 |
||